000 01517nam0a22003491 4500
001 RU\NLR\A1SV\45894
005 20251203171251.9
035 _a(NLR Aleph) 009728020
090 _a9898587
_c9898587
100 _a20030321d1926 u y0rusy50 ca
101 0 _arus
102 _aRU
200 1 _aЖизнь и знание в числах
_eСб. арифмет. задач для дерев. шк.
_eПервый год обучения
_fС.В.Зенченко
_gВ.Л.Эменов
205 _a4-е изд.
210 _aМ.
_aЛ.
_cГос. изд-во
_d1926
215 _a55 с.
_cил.
_d24 см
225 _aУчеб. пособия для шк. I и II ступ.
300 _aНа обл. сер.: Пособия для трудовой шк.
451 0 _1001RU\NLR\A1SV\45892
_99898580
_aЗенченко, С.В. (1863-не ранее 1930)
_cМ.
_d1925
_fС.В.Зенченко
_nГос. изд-во
_oСб. арифмет. задач для дерев. шк. : Первый год обучения
_p55 с.
_tЖизнь и знание в числах
620 _dМосква
620 _dСанкт-Петербург
700 1 _aЗенченко
_bС.В.
_f1863-не ранее 1930
_gСергей Васильевич
701 1 _aЭменов
_bВ.Л.
_f1890-1959
_gВасилий Леонтьевич
801 0 _aRU
_bNLR
_c20030321
852 _aNLR
_j38/2303
852 _aNLR
_j38/2303а
899 _aРКП
899 _aРГБ
942 _cBOOK
980 _aNB
980 _aA1SV